000 00708nam a2200229 i 4500
001 122280
003 ES-MaACL
005 20250712032645.0
007 t|
008 070521s1993 sp ||||1| spa d
020 _a84-01-49166-5
080 _a821.134.2-31"19"
100 1 _aBlasco Ibáñez, Vicente,
_d1867-1928
_929388
245 1 0 _aMare Nostrum /
_cVicente Blasco Ibáñez.
250 _a3ª ed.
260 _aBarcelona :
_bPlaza & Janés,
_c1993.
300 _a394 p. ;
_c18 cm.
490 1 _aLos jet de Plaza & Janés ;
_v166/13
830 1 _aLos jet de Plaza & Janés ;
_v166/13
_9184268
852 _aES-MaACL
_jE-11645
_z- Biblioteca Jacinto Martínez Lacalle.
999 _c122280
_d122280